| 000 | 00422nam a2200121 a 4500 | ||
|---|---|---|---|
| 008 | 120416s1981 xx |||||||||||||| || u | ||
| 050 | _aTS 230 Fli | ||
| 100 | _aFlinn, Richard Aloysius | ||
| 245 | 1 | 0 | _aFundamentals of metal casting |
| 260 | _c1981 | ||
| 350 | _a0.00 | ||
| 995 |
_D0.00 _FCBU-MAIN LIBRARY (Kitwe) _H1 _I54.00 _UAVAILABLE _ZMain Library Open Access Collection |
||
| 999 |
_c44179 _d44179 |
||